El uso de las remesas en Honduras: ¿qué pasa y qué hacemos? /

Bewaard in:
Bibliografische gegevens
Hoofdauteur: Stanley, Denise
Formaat: Texto
Onderwerpen:
Tags: Voeg label toe
Geen labels, Wees de eerste die dit record labelt!

MARC

LEADER 00000 a a2200000 04500
001 14280
003
040
100 |a Stanley, Denise  
245 |a El uso de las remesas en Honduras:   |b ¿qué pasa y qué hacemos? /  |c Denise Stanley 
650 |a REMESAS  
650 |a GASTOS FAMILIARES  
650 |a SALARIOS  
650 |a DATOS ESTADISTICOS  
650 |a HONDURAS  
650 |a REMESAS  
650 |a INGESOS  
773 |g volumen 12, número 69 -70; páginas 45-75  
999 |c 20907  |d 20907